Most-watched TV programmes in Britain - Statistics

General Stats
  • This quiz has been taken 37 times
  • The average score is 3 of 10
Answer Stats
Date Viewers (millions) TV programme % Correct
25 December 1986 30 EastEnders: Den divorces Angie
88%
25 December 1987 26 Coronation Street: Hilda leaves Weatherfield
81%
29 December 1996 24 Only Fools and Horses
50%
20 November 1995 23 Panorama: Princess Diana interview
13%
24 March 1971 22 Dallas: Who shot J.R. revealed
9%
18 February 1964 22 Steptoe and Son
9%
11 November 1979 24 To the Manor Born
6%
24 March 1971 22 The Benny Hill Show
3%
27 April 1977 22 This Is Your Life: Lord Mountbatten
3%
3 December 1967 22 Sunday Night at the London Palladium
0%
No matching quizzes found
Score Distribution
Percent of People with Each Score
Percentile by Number Answered
Your Score History
You have not taken this quiz